Regulus Black - Statistics

General Stats
  • This quiz has been taken 538 times
  • The average score is 20 of 23
Answer Stats
Hint Answer % Correct
First Name Regulus
100%
Last Name Black
99%
Hair colour black
99%
Sibling Sirius
99%
School Hogwarts
97%
Bellatrix
96%
House Slytherin
95%
Cousins Narcissa
93%
Orion
91%
eye color green/grey
90%
Blood status pureblood
90%
Andromeda
89%
Most commonly shipped with James/Prongs
89%
Parents Walburga
88%
Second Name Arcturus
85%
Cause of death drowning/inferi
84%
Quidditch position seeker
84%
house elf kreacher
79%
Started Hogwarts 1972
78%
DOD 1979
78%
Left Hogwarts 1979
78%
DOB 1961
71%
occupation death eater
69%
No matching quizzes found
Score Distribution
Percent of People with Each Score
Percentile by Number Answered
Your Score History
You have not taken this quiz